000 00553nam a22001577a 4500
999 _c7760
_d7761
008 190326b ||||| |||| 00| 0 eng d
020 _a0807843091
082 _a907 J37q 1992
100 _aJarausch, konard H.
245 _aQuantitative methods for Historians ;
_ba guide to research Data and Statistics.
260 _aLondon ;
_bThe University of North Carolina Press,
_c1991.
300 _axv, 247 p.
_bIncludes Bibliographical references and index.
_c23 cm.
650 _2History- Statistical methods.
700 _aHardy, Kenneth A.
942 _2ddc